000 00559nam a2200193 i 4500
001 25645
003 ES-MaACL
005 20230906153316.0
007 t|
008 021227s1969 sp ||||1| spa d
100 1 _aArchambault, Paul.
_922473
245 1 3 _aLa formación moral de la juventud /
_cPaul Archambault ; [traducción: Mario Estartús].
250 _a[1ª ed.].
260 _aBarcelona :
_bMiracle,
_c[1969]
300 _a132 p. ;
_c19 cm.
700 1 _aEstartus, Mario.
_9186570
852 _aES-MaACL
_jC-51766
_bR.68827
999 _c25645
_d25645